Cleveland Guardians 2023-2024 Roster - Statistics

General Stats
  • This quiz has been taken 37 times
  • The average score is 9 of 10
Answer Stats
Hint Answer % Correct
C Bo Naylor
100%
3B Jose Ramirez
100%
1B Josh Naylor
100%
LF Steven Kwan
96%
2B Andres Gimenez
93%
CP Emmanuel Clase
89%
SS Brayan Rocchio
82%
RF Jhonkensy Noel
79%
CF Lane Thomas
75%
SP Tanner Bibee
71%
No matching quizzes found
Score Distribution
Percent of People with Each Score
Percentile by Number Answered
Your Score History
You have not taken this quiz